000 00981nam a2200241 a 4500
001 61300
003 BD-RjUL
005 20211209080938.0
008 170117s2002 bg ||||| |||| 00| 0 ben d
020 _a9840740954
_c: TK 230.00
035 _a(BD-RjUL)61424
040 _aBD-RjUL
_bben
_cBD-RjUL
041 _aben
082 _223
_a305.697095414
_bAHB 2002
100 _aআহমেদ, সুফিয়া
_9170417
245 1 0 _aবাংলার মুসলিম সম্প্রদায় :
_b১৮৮৪-১৯১২ /
_cসুফিয়া আহমেদ
260 _aঢাকা :
_bবাংলা একাডেমী,
_c২০০২
300 _a৩২৪ পৃ. ;
_c২১ সেমি.
650 _aমুসলিম
_xবেঙ্গল
_zভারত
_9182827
650 _aMuslims
_xBengal
_zIndia
_9182828
700 _aশাহেদ, সৈয়দ মোহাম্মদ, অনুবাদ
_9182829
942 _2ddc
_cBK
999 _c61300
_d61300